Quizzes
Events
Quiz Creation
Community
Videos
Private Events
Remove Ads
Sign In
Join for FREE
Feedback
Dark Mode
Quiz Categories
Sports
Geography
Music
Movies
Television
Just For Fun
Miscellaneous
History
Literature
Language
Science
Gaming
Entertainment
Religion
Holiday
For Kids
Quiz Lab
Recent
Popular Today
Quiz Kudos Today
Editor Picks
Curator Picks
Quizzes by...
Day
Popularity
Type
Ratings
Length
Year
Community
Subscriptions
Recent Discussions
Orange Saloon
Badges
Playlists
Quests
Create
Leaderboards
Showdown
Live 5
Trivia Bingo
Activity
Puzzle Library
Sporcle Events
Private Events
Virtual Trivia
Globe League
Become a Host
Pub Owners
SporcleCon
Opinionation
Our Games
Videos
Blog
Mobile Apps
Partnerships
Remove Ads and Go Orange
Feedback
Sports
Athletes
MLB
NBA
NHL
NFL
Soccer
Sports Teams
WWE
NCAA
Football
Premier League
Basketball
Baseball
Hockey
Golf
Tennis
Cricket
Rugby
Auto Racing
Olympics
World Cup
Sports
Athletes
MLB
NBA
NHL
NFL
Soccer
Sports Teams
WWE
NCAA
Football
Premier League
Basketball
Baseball
Hockey
Golf
Tennis
Cricket
Rugby
Auto Racing
Olympics
World Cup
Random Quiz
Search Sporcle
×
Quiz Lab
Quiz Lab
Sports
NFL
Type in answers that appear in a list
Type in answers that appear in a list
Classic
Best Score? Go Orange.
2009 NFL Interception Leaders Stats
Can you name the NFL defensive backs with at least 5 interceptions in 2009?
By
smush314
7m
22 Questions
114 Plays
114 Plays
114 Plays
Comments
Comments
Give Quiz Kudos
Give Quiz Kudos
-
- Ratings
hide this ad
Replay
Link that replays current quiz
Next Quiz
Link to next quiz in quiz playlist
You Got
0%
They Got
Avg Score
38%
Avg Friend Score
Upgrade to see
Score Distribution
Jump to the score distribution portion of the page
Score
0/22
Timer
07:00
0
Plays Today
Team
Player
% Correct
Green Bay Packers
Charles Woodson
87.7%
New York Jets
Darrelle Revis
83.3%
Philadelphia Eagles
Asante Samuel
74.6%
New Orleans Saints
Darren Sharper
65.8%
Cincinnati Bengals
Leon Hall
51.8%
Buffalo Bills
Jarius Byrd
47.4%
Green Bay Packers
Nick Collins
45.6%
Arizona Cardinals
Dominique Rodgers-Cromartie
44.7%
Arizona Cardinals
Adrian Wilson
43.9%
Tennessee Titans
Cortland Finnegan
41.2%
Cincinnati Bengals
Johnathan Joseph
36%
Team
Player
% Correct
Tampa Bay Buccaneers
Aqib Talib
36%
Kansas City Chiefs
Brandon Flowers
32.5%
Dallas Cowboys
Mike Jenkins
28.9%
Philadelphia Eagles
Sheldon Brown
28.9%
New York Giants
Terrell Thomas
23.7%
New England Patriots
Brandon Meriweather
23.7%
Tampa Bay Buccaneers
Tanard Jackson
19.3%
Atlanta Falcons
Brent Grimes
17.5%
New England Patriots
Leigh Bodden
12.3%
Denver Broncos
Andre' Goodman
7.9%
Chicago Bears
Zack Bowman
5.3%
Quiz Playlist
Details
Report
Send in Message
Add To Playlist
Classic:
Type in answers that appear in a list
Quiz Source
Last Updated: Feb 16, 2017
Quiz Scoreboard
CHALLENGE
Sign Up to Join the Scoreboard
Show All
Scores
Hide
Comments
May contain spoilers
Recently Published
Billboard Blitz: Fleetwood Mac
by CooCooCachoo
Music
15s
Presidents Visiting Landmarks
by Hejman
History
7m
An Introduction to Baseball
by treessimontrees
Sports
5m
More to Explore
Quiz From the Vault
Featured Blog Post
Where Did the Easter Bunny Come From?
hide this ad
You Might Also Like...
Tags
Football Quiz
NFL Quiz
2009
Cornerback
defense
Interception
Interception Leaders
Safety
Today's Top Quizzes in Sports
Browse Sports
hide this ad
Today's Top Quizzes in NFL
Browse NFL
Top Contributed Quizzes in Sports
1
Les meilleurs buteurs des matchs entre le PSG et l’OM
2
2022 World Cup Stars
3
FIFA Club World Cup Champions
4
Les entraîneurs de l'OM et du PSG au 21e siècle
5
Criteria MLB: Left Handed Sluggers
6
Name the Premier League winners with different clubs
7
5-to-1: UK Sports Teams
8
AFC Teams Reveal (Wrong Answers Minefield)
9
Players with Multiple 50 Home Run Seasons
10
5-to-1: FBS Animal Nicknames
Explore More
Trending Topics
NBA
Disney
Crossword
Anime
Marvel
Harry Potter
Kpop
WWE
The Office
Soccer
Puzzle
NFL
Pokémon
Country
Song
hide this ad
More By:
smush314
Quiz
Plays
Rating
Category
Featured
Created
Top 3 Highest Paid NBA Players per team 2012-13
7,390
4.56
Sports
Nov 24, 2012
Taylor Swift You Belong With Me Lyrics
2,297
4.13
Music
Dec 31, 2010
2005-06 George Mason Patriots NCAA Tourney
558
4.17
Sports
Jan 1, 2011
Texas College Football Teams
361
Sports
Jul 24, 2011
Taylor Swift Enchanted Lyrics
330
5.00
Music
Jun 4, 2011
Go to Creator's Profile
Score Distribution
Quiz Creator Spotlight
smush314
Follow
Send a Message
Quizzes Created
-
Created Quiz Play Count
-
More By This Creator
Popular Quizzes Today
1
Find the US States - No Outlines Minefield
2
Find the Countries of Europe - No Outlines Minefield
3
The Countries of the World
4
Find the US States
5
Risky Map Clicking: Biggest States A-Z
6
US States
7
Popular People in 1961
8
Movies - When Are They Set?
More Sports Quizzes
'Non-Big 4' Athlete Blitz
Published
Trending Quizzes
Risky Map Clicking: Least Populous States A-Z
1-10 Letter G Words
1-10 Letter F Words
Risky Map Clicking: Next State Alphabetically
Risky Map Clicking: Biggest States A-Z
Recently Updated
Leaping Animals
pecheneg
Reality TV Shows (A-Z)
bhenderson79
Rickey Henderson's Hall of Fame Teammates
pecheneg
Champions League XIs: Arsenal
pecheneg
Quick Pick: Celebrities in WWE's Hall of Fame
aduchscher
A-Z Keypad Blitz II
pecheneg
Multiple Oscar Actors
pecheneg
Mystery Phrase Blitz: Oscar 'Best Actors'
pecheneg
F. Scott Fitzgerald Novels
LTH
Pick 3 Villains
ddd62291
Trending Topics
Anime
Kpop
Marvel
NBA
Disney
Harry Potter
Crossword
Pokémon
Puzzle
NFL
Country
Soccer
The Office
Song
WWE
Your Account Isn't Verified!
In order to create a playlist on Sporcle, you need to verify the email address you used during registration. Go to your
Sporcle Settings
to finish the process.
Report this User
Report this user for behavior that violates our
Community Guidelines
.
Details:
Send Report
Go to the Sporcle.com Mobile Site →
Comments